000 01013nam a2200301Ia 4500
003 OSt
005 20221007125726.0
006 a|||||r|||| 00| 0
007 ta
008 221006b |||||||| |||| 00| 0 eng d
020 _a873196818 (hbd)
_cRs.595.00
024 _a77054
037 _b0002432, 16/03/2007, Narosa Book Distributors Pvt. Ltd.
_cTextual
040 _aCDL
_cCDL
_beng
041 _2eng
_aeng
082 _aE5:3, P2;P5;4 Carc
100 _aKhopkar S M
_9301683
245 0 _aAnalytical chemistry of macrocyclic and supramolecular compounds
250 _a2
260 _aNew
_bDelhi Narosa Publishing House
_c2005
300 _axxi,347p.
_ccm.
500 _aIncludes bibliographical references; Index 340-347p
650 _a Analytical chemistry
650 _a Supramolecular compounds
650 _aChemistry
942 _hE5:3, P2;P5;4 Carc
_cTEXL
_2CC
999 _c1215772
_d1215772